[Event "Viktor Kupreichik Memorial Rapid Open"]
[Site "Minsk"]
[Date "2018.06.23"]
[Round "10.6"]
[White "Meshkov, Yuri A"]
[Black "Zarubitski, Viachaslau"]
[Result "1/2-1/2"]
[WhiteElo "2375"]
[BlackElo "2265"]
[PlyCount "134"]
[EventDate "2018.06.21"]
[EventType "swiss"]
[EventRounds "11"]
[EventCountry "BLR"]
[WhiteTeam "Ðîññèÿ"]
[BlackTeam "Áåëîðóññèÿ"]
[WhiteTeamCountry "RUS"]
[BlackTeamCountry "BLR"]

1. e4 e5 2. Nc3 Nc6 3. g3 Bc5 4. Bg2 a6 5. d3 d6 6. Be3 Nd4 7. Nce2 Bg4 8. Qd2
Nxe2 9. Nxe2 Bxe3 10. Qxe3 Qd7 11. h3 Be6 12. f4 f6 13. g4 c5 14. a3 Ne7 15. b4
Rc8 16. c3 b6 17. O-O O-O 18. f5 Bf7 19. g5 Kh8 20. Kh2 fxg5 21. Qxg5 Ng8 22.
Bf3 Qe7 23. Qe3 Nf6 24. Rg1 d5 25. bxc5 dxe4 26. Bxe4 Qxc5 27. Qg5 Rg8 28. Rg2
Bd5 29. Bxd5 Qxd5 30. Rg3 b5 31. Qh4 Qd6 32. Qb4 Rgd8 33. Rag1 Qxb4 34. axb4
Rc7 35. Re3 Rd5 36. Ra1 Rc6 37. d4 e4 38. Ng3 h5 39. Rae1 Kh7 40. Rf1 Kh6 41.
Nxe4 Nxe4 42. Rxe4 Rxc3 43. f6 gxf6 44. Rxf6+ Kg5 45. Rf2 Rf5 46. Rg2+ Kf6 47.
Re8 Rff3 48. Rf8+ Ke6 49. Rxf3 Rxf3 50. Rg6+ Kd5 51. Rxa6 Kxd4 52. Rc6 Rb3 53.
Rc5 Rxb4 54. Rxh5 Rb3 55. Rh8 b4 56. h4 Rb2+ 57. Kg3 Rb1 58. h5 b3 59. h6 Rh1
60. Kg4 b2 61. Rb8 b1=Q 62. Rxb1 Rxb1 63. Kf5 Rb6 64. Kg5 Ke5 65. h7 Rb8 66.
Kg6 Ke6 67. Kg7 Rb7+ 1/2-1/2

[Event "Viktor Kupreichik Memorial Rapid Open"]
[Site "Minsk"]
[Date "2018.06.23"]
[Round "10.7"]
[White "Shevchenko, Kirill"]
[Black "Tsigelnitskiy, Ilusha"]
[Result "1/2-1/2"]
[WhiteElo "2432"]
[BlackElo "2253"]
[PlyCount "93"]
[EventDate "2018.06.21"]
[EventType "swiss"]
[EventRounds "11"]
[EventCountry "BLR"]
[WhiteTeam "Óêðàèíà"]
[BlackTeam "Ðîññèÿ"]
[WhiteTeamCountry "UKR"]
[BlackTeamCountry "RUS"]

1. e4 c5 2. Nf3 e6 3. d4 cxd4 4. Nxd4 a6 5. Bd3 Nf6 6. O-O Qc7 7. Qe2 d6 8. c4
g6 9. Nc3 Bg7 10. Rd1 O-O 11. Nf3 Nbd7 12. Bf4 b6 13. Rac1 Bb7 14. Bb1 Ne5 15.
Nxe5 dxe5 16. Be3 Nd7 17. f3 Rfd8 18. b4 Rac8 19. Qf2 Bf8 20. a3 Qxc4 21. Ba2
Qc7 22. Bg5 Re8 23. Na4 Bc6 24. Rxd7 Qxd7 25. Nxb6 Qb7 26. Nxc8 Rxc8 27. Qb2
Qb5 28. Be3 a5 29. Bc4 Qa4 30. Bb3 Qb5 31. Bc4 Qa4 32. Ba6 Rb8 33. Qc3 axb4 34.
Qxc6 Qxc6 35. Rxc6 bxa3 36. Bc4 Rb1+ 37. Kf2 Rb2+ 38. Kg3 Rc2 39. Rc8 Kg7 40.
Bc5 Bxc5 41. Rxc5 a2 42. Ra5 Rxc4 43. Rxa2 Kf6 44. h4 h5 45. Ra7 Rc3 46. Rb7
Rd3 47. Ra7 1/2-1/2

[Event "Viktor Kupreichik Memorial Rapid Open"]
[Site "Minsk"]
[Date "2018.06.23"]
[Round "10.9"]
[White "Nigmatov, Ortik"]
[Black "Nomin-Erdene, Davaademberel"]
[Result "1-0"]
[WhiteElo "2210"]
[BlackElo "2312"]
[PlyCount "73"]
[EventDate "2018.06.21"]
[EventType "swiss"]
[EventRounds "11"]
[EventCountry "BLR"]
[WhiteTeam "Óçáåêèñòàí"]
[BlackTeam "Ìîíãîëèÿ"]
[WhiteTeamCountry "UZB"]
[BlackTeamCountry "MGL"]

1. e4 c6 2. d4 d5 3. e5 Bf5 4. h4 h5 5. Bd3 Bxd3 6. Qxd3 e6 7. Bg5 Qa5+ 8. Nd2
Qa6 9. c4 Ne7 10. Bxe7 Bxe7 11. Ne2 Nd7 12. b3 O-O-O 13. Qc3 Kb8 14. a4 c5 15.
O-O cxd4 16. Nxd4 Nxe5 17. Qg3 f6 18. Nb5 Rhg8 19. cxd5 Rxd5 20. Nc4 Qc6 21.
Rac1 Rc5 22. Rfd1 Ka8 23. Nxe5 fxe5 24. Rxc5 Qxc5 25. b4 Qc2 26. Rd7 Bf6 27.
Qe3 Qxa4 28. Qc5 Qa1+ 29. Kh2 e4 30. g3 Be5 31. Nc7+ Kb8 32. Nxe6 Rc8 33. Qd5
Bxg3+ 34. Kg2 Qa6 35. Kxg3 Rc3+ 36. Kg2 Rc8 37. Qe5+ 1-0

[Event "Viktor Kupreichik Memorial Rapid Open"]
[Site "Minsk"]
[Date "2018.06.23"]
[Round "10.13"]
[White "Cherepov, Alexej"]
[Black "Fedotov, Konstantin"]
[Result "1-0"]
[WhiteElo "2234"]
[BlackElo "2090"]
[PlyCount "120"]
[EventDate "2018.06.21"]
[EventType "swiss"]
[EventRounds "11"]
[EventCountry "BLR"]
[WhiteTeam "Áåëîðóññèÿ"]
[BlackTeam "Ðîññèÿ"]
[WhiteTeamCountry "BLR"]
[BlackTeamCountry "RUS"]

1. d4 Nf6 2. c4 c5 3. Nf3 e6 4. d5 exd5 5. cxd5 d6 6. Nc3 g6 7. Bf4 Bg7 8. Qa4+
Bd7 9. Qb3 Bc8 10. Qa4+ Bd7 11. Qb3 Bc8 12. e3 O-O 13. h3 a6 14. a4 Qc7 15. Be2
Nbd7 16. O-O Rb8 17. Rfd1 Re8 18. Qc2 Nf8 19. Nd2 N6d7 20. Bf1 Ne5 21. Bh2 f5
22. Re1 Bd7 23. a5 b5 24. axb6 Rxb6 25. Bxa6 Reb8 26. Ra2 Rb4 27. Bf1 Qb7 28.
b3 g5 29. Rea1 Nfg6 30. Ra7 Qc8 31. R1a6 Bf8 32. Na2 R4b7 33. f4 gxf4 34. exf4
Nf7 35. Nc1 Ne7 36. Bc4 Bb5 37. Bxb5 Rxb5 38. Qd3 R8b7 39. Bg3 Qd7 40. Ra8 Nc8
41. Ra2 Nb6 42. R8a6 Rb4 43. Nc4 Nxc4 44. bxc4 Bg7 45. Ne2 Rb3 46. Qc2 Qe8 47.
Qxf5 Nd8 48. Kh2 Rb2 49. Ng1 Rf7 50. Qd3 Re7 51. Rxb2 Bxb2 52. Ra8 Bf6 53. Qf5
Kg7 54. Qg4+ Kf8 55. Bh4 Rf7 56. Nf3 h6 57. Qh5 Qe7 58. Qxh6+ Ke8 59. Ng5 Bg7
60. Qg6 Kd7 {time} 1-0

[Event "Viktor Kupreichik Memorial Rapid Open"]
[Site "Minsk"]
[Date "2018.06.23"]
[Round "10.15"]
[White "Kuznetsov, Mikhail V"]
[Black "Runets, Ivan"]
[Result "1-0"]
[WhiteElo "2162"]
[BlackElo "2027"]
[PlyCount "67"]
[EventDate "2018.06.21"]
[EventType "swiss"]
[EventRounds "11"]
[EventCountry "BLR"]
[WhiteTeam "Ðîññèÿ"]
[BlackTeam "Áåëîðóññèÿ"]
[WhiteTeamCountry "RUS"]
[BlackTeamCountry "BLR"]

1. d4 Nf6 2. Nf3 e6 3. g3 d5 4. c4 c6 5. Nbd2 Be7 6. Bg2 O-O 7. Qc2 b6 8. O-O
Bb7 9. e4 dxe4 10. Nxe4 Nbd7 11. Ne5 Nxe5 12. dxe5 Nxe4 13. Qxe4 Rb8 14. Qg4
Qc7 15. Bh6 Qxe5 16. Bf4 Qd4 17. Rfd1 Qxc4 18. b3 Qb4 19. a3 Qxb3 20. Bxb8 Rxb8
21. Qf4 Rc8 22. Rd7 Qb2 23. Rad1 Bf6 24. Rxb7 Qxa3 25. Rb8 Qf8 26. Rb7 Qa3 27.
Rdd7 Rf8 28. Bxc6 Qa1+ 29. Kg2 Qc3 30. Bf3 Be5 31. Qd2 Qc5 32. Rxa7 b5 33. Rab7
Bc3 34. Qd6 1-0

[Event "Viktor Kupreichik Memorial Rapid Open"]
[Site "Minsk"]
[Date "2018.06.23"]
[Round "10.17"]
[White "Zhukova, Natalia"]
[Black "Naumovich, Yaroslav"]
[Result "1-0"]
[WhiteElo "2356"]
[BlackElo "1959"]
[PlyCount "81"]
[EventDate "2018.06.21"]
[EventType "swiss"]
[EventRounds "11"]
[EventCountry "BLR"]
[WhiteTeam "Óêðàèíà"]
[BlackTeam "Áåëîðóññèÿ"]
[WhiteTeamCountry "UKR"]
[BlackTeamCountry "BLR"]

1. c4 Nf6 2. Nc3 c5 3. Nf3 Nc6 4. d4 cxd4 5. Nxd4 g6 6. e4 d6 7. Be2 Bg7 8. Be3
O-O 9. O-O Bd7 10. h3 Rc8 11. Nf3 a6 12. Rc1 Qa5 13. Qd2 Rfe8 14. a3 Ne5 15.
Nxe5 dxe5 16. c5 Bc6 17. Qc2 e6 18. Bd3 Bf8 19. b4 Qd8 20. Be2 Bd7 21. Qb2 Qc7
22. a4 Qb8 23. Rfd1 Bc6 24. Qb1 Red8 25. Rxd8 Rxd8 26. b5 axb5 27. axb5 Be8 28.
Na4 Qa8 29. Nb6 Qa5 30. c6 bxc6 31. bxc6 Bxc6 32. Rxc6 Rb8 33. Qc2 Qb4 34. Rc4
Qa5 35. Ra4 Qe1+ 36. Kh2 Rd8 37. Ra7 Bd6 38. Nc8 Bf8 39. Bf3 h5 40. Nb6 Qb4 41.
Qc7 1-0

[Event "Viktor Kupreichik Memorial Rapid Open"]
[Site "Minsk"]
[Date "2018.06.23"]
[Round "10.19"]
[White "Maslak, Alexander"]
[Black "Artsiomau, Stanislau"]
[Result "1/2-1/2"]
[WhiteElo "2127"]
[BlackElo "1954"]
[PlyCount "87"]
[EventDate "2018.06.21"]
[EventType "swiss"]
[EventRounds "11"]
[EventCountry "BLR"]
[WhiteTeam "Ðîññèÿ"]
[BlackTeam "Áåëîðóññèÿ"]
[WhiteTeamCountry "RUS"]
[BlackTeamCountry "BLR"]

1. e4 e5 2. Nf3 Nc6 3. Bb5 a6 4. Ba4 Nf6 5. O-O Nxe4 6. d4 b5 7. Bb3 d5 8. dxe5
Be6 9. c3 Bc5 10. Qe2 O-O 11. Be3 Re8 12. Rd1 Na5 13. Nbd2 Nxb3 14. axb3 Bxe3
15. Qxe3 Nxd2 16. Rxd2 Qe7 17. b4 Rec8 18. Nd4 c5 19. bxc5 Qxc5 20. Nc2 a5 21.
Qxc5 Rxc5 22. Ne3 a4 23. f4 f5 24. Nc2 Kf7 25. Kf2 Rc4 26. Rd4 Rb8 27. Ke3 Ke7
28. Nb4 Rxd4 29. Kxd4 Rc8 30. Nxd5+ Kf7 31. Nb4 Rc4+ 32. Ke3 g5 33. fxg5 Re4+
34. Kf2 Rxe5 35. Re1 Rxe1 36. Kxe1 Kg6 37. Kf2 Kxg5 38. g3 Bc4 39. Nc6 f4 40.
Nd4 h5 41. Kf3 Bd5+ 42. Kf2 fxg3+ 43. hxg3 Bc4 44. Kf3 1/2-1/2

[Event "Viktor Kupreichik Memorial Rapid Open"]
[Site "Minsk"]
[Date "2018.06.23"]
[Round "10.20"]
[White "Uzlavataya, Anhelina"]
[Black "Sirotkina, Nina"]
[Result "0-1"]
[WhiteElo "1925"]
[BlackElo "2116"]
[PlyCount "76"]
[EventDate "2018.06.21"]
[EventType "swiss"]
[EventRounds "11"]
[EventCountry "BLR"]
[WhiteTeam "Áåëîðóññèÿ"]
[BlackTeam "Ðîññèÿ"]
[WhiteTeamCountry "BLR"]
[BlackTeamCountry "RUS"]

1. Nf3 d5 2. g3 c6 3. Bg2 Bf5 4. O-O e6 5. d4 Be7 6. c4 Nf6 7. b3 O-O 8. Bb2
Ne4 9. Nbd2 Nd7 10. Nxe4 Bxe4 11. Nd2 Bxg2 12. Kxg2 Nf6 13. Qc2 a5 14. e4 dxe4
15. Nxe4 Nxe4 16. Qxe4 Bf6 17. a3 Qb6 18. Qe3 Rad8 19. Rad1 c5 20. g4 Bxd4 21.
Bxd4 Rxd4 22. Rxd4 cxd4 23. Qd3 e5 24. Re1 Re8 25. f3 Qd6 26. a4 b6 27. Re2 g6
28. Kf1 Kg7 29. Ke1 Qf6 30. Kd1 Qg5 31. Kc2 f5 32. h3 Qf4 33. Kb2 Rf8 34. Ka3
fxg4 35. fxg4 Qc1+ 36. Ka2 Rf1 37. b4 Qa1+ 38. Kb3 Rb1+ 0-1

[Event "Viktor Kupreichik Memorial Rapid Open"]
[Site "Minsk"]
[Date "2018.06.23"]
[Round "10.31"]
[White "Zhukovskij, Viktor"]
[Black "Yurau, Maksim"]
[Result "1-0"]
[WhiteElo "1973"]
[BlackElo "1694"]
[PlyCount "157"]
[EventDate "2018.06.21"]
[EventType "swiss"]
[EventRounds "11"]
[EventCountry "BLR"]
[WhiteTeam "Áåëîðóññèÿ"]
[BlackTeam "Áåëîðóññèÿ"]
[WhiteTeamCountry "BLR"]
[BlackTeamCountry "BLR"]

1. e4 c5 2. Nf3 e6 3. d4 cxd4 4. Nxd4 Nf6 5. f3 d5 6. e5 Nfd7 7. f4 Nc6 8. Nc3
Bc5 9. Nb3 Bb6 10. Qg4 O-O 11. Bd3 Nc5 12. Nxc5 Bxc5 13. a3 f5 14. Qg3 a6 15.
Bd2 b5 16. Ne2 Bb7 17. b4 Bb6 18. Be3 a5 19. Rb1 axb4 20. axb4 d4 21. Bd2 Qd5
22. O-O Ra4 23. Qf3 Qxf3 24. Rxf3 Na7 25. Rff1 Be4 26. Nc1 Rc8 27. Rb2 Bxd3 28.
Nxd3 Kf7 29. Kf2 Nc6 30. Ke2 Ne7 31. Rg1 Nd5 32. g3 Nc3+ 33. Kf3 Ne4 34. Rd1
Rc4 35. Be1 Ra8 36. Bd2 Rac8 37. Ne1 Nxd2+ 38. Rxd2 Rc3+ 39. Ke2 Re3+ 40. Kd1
Ra3 41. Rb1 Rc4 42. Nd3 Ra2 43. Nc1 Ra4 44. Nd3 Ra2 45. Ne1 Ra4 46. Nd3 Ra2 47.
Re2 h6 48. h4 g6 49. Rd2 Rc3 50. Kc1 Ra4 51. Kb2 Rca3 52. Rdd1 Ra2+ 53. Kc1
R4a3 54. Rb2 Ra1+ 55. Rb1 R1a2 56. Kd2 Rc3 57. Rdc1 Kg7 58. Ra1 Rca3 59. Rxa2
Rxa2 60. Rb1 Ra3 61. Kc1 Ra2 62. Rb3 Ra1+ 63. Rb1 Ra2 64. Kd2 Ra3 65. Rb2 Ra1
66. Nc1 Ra8 67. Ra2 Rxa2 68. Nxa2 Kf7 69. Kd3 Ke7 70. Nc1 Kd7 71. Nb3 Kc6 72.
Nxd4+ Bxd4 73. Kxd4 h5 74. c4 Kb6 75. cxb5 Kxb5 76. Kc3 Kb6 77. Kc4 Kc6 78. b5+
Kb6 79. Kb4 1-0

[Event "Viktor Kupreichik Memorial Rapid Open"]
[Site "Minsk"]
[Date "2018.06.23"]
[Round "10.34"]
[White "Masjuk, Vladimir"]
[Black "Halouchyts, Karalina"]
[Result "1-0"]
[WhiteElo "1829"]
[BlackElo "1603"]
[PlyCount "67"]
[EventDate "2018.06.21"]
[EventType "swiss"]
[EventRounds "11"]
[EventCountry "BLR"]
[WhiteTeam "Áåëîðóññèÿ"]
[BlackTeam "Áåëîðóññèÿ"]
[WhiteTeamCountry "BLR"]
[BlackTeamCountry "BLR"]

1. e4 c6 2. d4 d5 3. exd5 cxd5 4. c4 Nf6 5. Nc3 Nc6 6. Nf3 Bg4 7. Be2 e6 8. O-O
Be7 9. c5 O-O 10. a3 b6 11. b4 Nb8 12. h3 Bxf3 13. Bxf3 Qd7 14. Bf4 Rc8 15. Re1
bxc5 16. dxc5 Qb7 17. Qd3 a5 18. Rab1 axb4 19. axb4 Na6 20. Nb5 Nd7 21. Bd6 Bf6
22. Be2 Bg5 23. Rb3 Ndb8 24. Bxb8 Rcxb8 25. Reb1 Qd7 26. Nd4 e5 27. Qf5 Qxf5
28. Nxf5 g6 29. Nd6 Be7 30. Nb5 d4 31. Bc4 Rc8 32. Ra3 Nxb4 33. Rxa8 Rxa8 34.
Rxb4 {time} 1-0

[Event "Viktor Kupreichik Memorial Rapid Open"]
[Site "Minsk"]
[Date "2018.06.23"]
[Round "11.1"]
[White "Mamedov, Rauf"]
[Black "Arzumanian, Georgy"]
[Result "1-0"]
[WhiteElo "2711"]
[BlackElo "2474"]
[PlyCount "43"]
[EventDate "2018.06.21"]
[EventType "swiss"]
[EventRounds "11"]
[EventCountry "BLR"]
[WhiteTeamCountry "UKR"]
[BlackTeamCountry "BLR"]

1. e4 d6 2. d4 Nf6 3. Nc3 e5 4. Nf3 Nbd7 5. Bc4 Be7 6. O-O O-O 7. Re1 c6 8. a4
a5 9. Ba2 exd4 10. Nxd4 Nc5 11. Qf3 Be6 12. Be3 Bxa2 13. Rxa2 g6 14. Raa1 Nfd7
15. Rad1 Re8 16. Qg3 Bf6 17. Nf5 Be5 18. Nh6+ Kg7 19. Qh3 Bxc3 20. bxc3 Nxe4
21. Nxf7 Qe7 22. Nxd6 1-0

[Event "Viktor Kupreichik Memorial Rapid Open"]
[Site "Minsk"]
[Date "2018.06.23"]
[Round "11.2"]
[White "Fedorov, Alexei"]
[Black "Andreikin, Dmitry"]
[Result "1-0"]
[WhiteElo "2577"]
[BlackElo "2733"]
[PlyCount "107"]
[EventDate "2018.06.21"]
[EventType "swiss"]
[EventRounds "11"]
[EventCountry "BLR"]
[WhiteTeamCountry "UKR"]
[BlackTeamCountry "BLR"]

1. e4 e6 2. Qe2 c5 3. f4 d5 4. d3 Nc6 5. Nf3 Nf6 6. g3 Be7 7. Bg2 O-O 8. O-O b5
9. e5 Ne8 10. c3 Nc7 11. Be3 a5 12. Qf2 c4 13. d4 b4 14. g4 Rb8 15. Bh3 bxc3
16. bxc3 a4 17. f5 f6 18. Nbd2 Rb2 19. exf6 Rxf6 20. g5 Rxf5 21. Bxf5 exf5 22.
g6 Ne6 23. gxh7+ Kh8 24. Qg2 f4 25. Bf2 Qe8 26. Bh4 g5 27. Bxg5 Bxg5 28. Nxg5
Rxd2 29. Qxd2 Nxg5 30. Rxf4 Qg6 31. Rf8+ Kxh7 32. Qg2 Bf5 33. Qg3 Ne4 34. Qxg6+
Kxg6 35. Rf1 Ne7 36. Re8 Nc6 37. Rf3 Nf6 38. Ra8 Ne7 39. Rxa4 Bd3 40. Ra6 Nf5
41. a4 Kg5 42. Ra8 Be4 43. Rh3 Kg4 44. Rah8 Bd3 45. a5 Ne4 46. a6 Ng5 47. a7
Nxh3+ 48. Rxh3 Kxh3 49. a8=Q Be4 50. Qg8 Kh4 51. Qg6 Bd3 52. Qh7+ Kg4 53. Qg8+
Kf4 54. Qxd5 1-0

[Event "Viktor Kupreichik Memorial Rapid Open"]
[Site "Minsk"]
[Date "2018.06.23"]
[Round "11.3"]
[White "Korobov, Anton"]
[Black "Meshkov, Yuri A"]
[Result "1-0"]
[WhiteElo "2736"]
[BlackElo "2375"]
[PlyCount "55"]
[EventDate "2018.06.21"]
[EventType "swiss"]
[EventRounds "11"]
[EventCountry "BLR"]
[WhiteTeamCountry "UKR"]
[BlackTeamCountry "BLR"]

1. d4 Nf6 2. c4 d6 3. Nf3 g6 4. Nc3 Bf5 5. h3 Bg7 6. g4 Bd7 7. Bg2 Nc6 8. O-O
a6 9. d5 Na5 10. Qd3 c5 11. e4 h5 12. g5 Nh7 13. Bf4 b5 14. b3 b4 15. Ne2 Qc8
16. Kh2 Nb7 17. e5 Bf5 18. Qe3 O-O 19. Ng3 a5 20. Rae1 a4 21. Nh4 Bc2 22. Rc1
axb3 23. axb3 dxe5 24. Bxe5 Bxe5 25. Qxe5 Bxb3 26. Nxh5 gxh5 27. Nf5 Qb8 28.
Nxe7# 1-0

[Event "Viktor Kupreichik Memorial Rapid Open"]
[Site "Minsk"]
[Date "2018.06.23"]
[Round "11.4"]
[White "Kovalev, Vladislav"]
[Black "Meshkovs, Nikita"]
[Result "1/2-1/2"]
[WhiteElo "2631"]
[BlackElo "2572"]
[PlyCount "84"]
[EventDate "2018.06.21"]
[EventType "swiss"]
[EventRounds "11"]
[EventCountry "BLR"]
[WhiteTeamCountry "UKR"]
[BlackTeamCountry "BLR"]

1. e4 e5 2. Nf3 Nc6 3. Bb5 a6 4. Ba4 Nf6 5. O-O Nxe4 6. d4 b5 7. Bb3 d5 8. dxe5
Be6 9. Qe2 Nc5 10. Rd1 Nxb3 11. axb3 Be7 12. c4 b4 13. cxd5 Bxd5 14. Nbd2 O-O
15. Ne4 Qd7 16. Bg5 Rfd8 17. Rac1 Qe6 18. Bxe7 Nxe7 19. Nc5 Qg4 20. h3 Bxf3 21.
Qxf3 Qxf3 22. gxf3 Rxd1+ 23. Rxd1 Ng6 24. Nd7 Re8 25. Rd4 a5 26. f4 Nh4 27. Kf1
h5 28. Rc4 Rd8 29. Rxc7 Nf3 30. Kg2 Nd4 31. Nc5 Nf5 32. Ne4 Nh4+ 33. Kg3 Nf5+
34. Kg2 Nh4+ 35. Kg3 Nf5+ 36. Kf3 Nd4+ 37. Ke3 Nf5+ 38. Kf3 Nd4+ 39. Kg3 Ne2+
40. Kf3 Nd4+ 41. Kg3 Ne2+ 42. Kf3 Nd4+ 1/2-1/2

[Event "Viktor Kupreichik Memorial Rapid Open"]
[Site "Minsk"]
[Date "2018.06.23"]
[Round "11.5"]
[White "Zarubitski, Viachaslau"]
[Black "Notkin, Maksim"]
[Result "1/2-1/2"]
[WhiteElo "2265"]
[BlackElo "2455"]
[PlyCount "25"]
[EventDate "2018.06.21"]
[EventType "swiss"]
[EventRounds "11"]
[EventCountry "BLR"]
[WhiteTeamCountry "UKR"]
[BlackTeamCountry "BLR"]

1. e4 e5 2. Nf3 Nc6 3. Bb5 a6 4. Ba4 Nf6 5. O-O Be7 6. Re1 b5 7. Bb3 d6 8. c3
O-O 9. h3 Nb8 10. d4 Nbd7 11. Nbd2 Bb7 12. Bc2 Re8 13. Nf1 1/2-1/2

[Event "Viktor Kupreichik Memorial Rapid Open"]
[Site "Minsk"]
[Date "2018.06.23"]
[Round "11.6"]
[White "Nikitenko, Mihail"]
[Black "Nigmatov, Ortik"]
[Result "0-1"]
[WhiteElo "2401"]
[BlackElo "2210"]
[PlyCount "120"]
[EventDate "2018.06.21"]
[EventType "swiss"]
[EventRounds "11"]
[EventCountry "BLR"]
[WhiteTeamCountry "UKR"]
[BlackTeamCountry "BLR"]

1. e4 c5 2. Nf3 e6 3. d4 cxd4 4. Nxd4 Nf6 5. Bd3 Nc6 6. Nxc6 dxc6 7. O-O e5 8.
Nd2 Be6 9. b3 Qc7 10. Bb2 Bc5 11. Nf3 Bd6 12. h3 h6 13. Nh4 O-O-O 14. Qf3 Nd7
15. Nf5 Bf8 16. Ne3 Bc5 17. a3 g5 18. b4 Bd4 19. c3 Bxe3 20. Qxe3 Nb6 21. Rfe1
Na4 22. Bc1 Kb8 23. c4 Rd4 24. c5 Rhd8 25. Bc2 b5 26. Qg3 R4d7 27. Qf3 Bc4 28.
Qf6 Rg8 29. Bxa4 Rg6 30. Qf5 bxa4 31. Bb2 Re6 32. Rad1 Bd3 33. Bc3 Kc8 34. Rd2
Bc4 35. Red1 Rxd2 36. Rxd2 Kb7 37. Qh7 Ka6 38. Qh8 Kb7 39. Rd8 Ka6 40. Qf8 Ba2
41. Rd6 Kb5 42. Bb2 Bb3 43. Kh2 h5 44. Rd8 g4 45. hxg4 hxg4 46. Kg3 Bc2 47. Rd6
Bxe4 48. Rxe6 fxe6 49. Qh6 Qd7 50. Bxe5 Qd3+ 51. Kh4 Qxa3 52. Qxe6 Qd3 53. Qxg4
a3 54. f3 Bf5 55. Qg7 Kxb4 56. Qxa7 Be6 57. Qb6+ Qb5 58. g4 Kc4 59. Qxb5+ cxb5
60. c6 b4 0-1

[Event "Viktor Kupreichik Memorial Rapid Open"]
[Site "Minsk"]
[Date "2018.06.23"]
[Round "11.7"]
[White "Tsaruk, Maksim"]
[Black "Aleksandrov, Aleksej"]
[Result "0-1"]
[WhiteElo "1980"]
[BlackElo "2597"]
[PlyCount "64"]
[EventDate "2018.06.21"]
[EventType "swiss"]
[EventRounds "11"]
[EventCountry "BLR"]
[WhiteTeamCountry "UKR"]
[BlackTeamCountry "BLR"]

1. e4 e5 2. Nf3 Nc6 3. Bb5 a6 4. Ba4 Nf6 5. O-O Be7 6. d3 b5 7. Bb3 O-O 8. a4
b4 9. Bd5 Nxd5 10. exd5 Nd4 11. Nxe5 b3 12. cxb3 Rb8 13. Nd2 Bb7 14. Qg4 Nc2
15. Rb1 f5 16. Qc4 Bd6 17. Nc6 dxc6 18. dxc6+ Kh8 19. cxb7 Nd4 20. Re1 Rxb7 21.
Nf1 Rb4 22. Qxa6 Rb6 23. Qa5 Bb4 24. Qe5 Re6 25. Qxe6 Nxe6 26. Rxe6 Qxd3 27.
Ra1 f4 28. a5 Qd5 29. Ra6 h6 30. Rg6 Kh7 31. Rg4 g5 32. h4 Qd1 0-1

[Event "Viktor Kupreichik Memorial Rapid Open"]
[Site "Minsk"]
[Date "2018.06.23"]
[Round "11.8"]
[White "Vashchilov, Sergey"]
[Black "Shevchenko, Kirill"]
[Result "0-1"]
[WhiteElo "2087"]
[BlackElo "2432"]
[PlyCount "122"]
[EventDate "2018.06.21"]
[EventType "swiss"]
[EventRounds "11"]
[EventCountry "BLR"]
[WhiteTeamCountry "UKR"]
[BlackTeamCountry "BLR"]

1. e4 c5 2. b3 b6 3. Bb2 Bb7 4. Nc3 Nc6 5. Nf3 e6 6. d4 cxd4 7. Nxd4 Nxd4 8.
Qxd4 Nf6 9. f3 Bc5 10. Qd2 O-O 11. O-O-O d5 12. exd5 Nxd5 13. Nxd5 Bxd5 14. Qf4
Qe7 15. Kb1 Rad8 16. Bd3 Bd6 17. Qe3 Qh4 18. g3 Qh5 19. Be2 Bc5 20. Qe5 Qxe5
21. Bxe5 f6 22. Bb2 Kf7 23. Rd3 Bb7 24. Rhd1 Ke7 25. Rxd8 Rxd8 26. Rxd8 Kxd8
27. g4 e5 28. Bc1 Ke7 29. c3 e4 30. f4 Bg1 31. h4 f5 32. Ba3+ Kf6 33. g5+ Kf7
34. h5 Bd5 35. Bd6 Be3 36. Be5 Be6 37. Kc2 g6 38. h6 Ke7 39. Bb5 Kd8 40. Kd1
Bf7 41. Ke2 Bc5 42. Ba6 Bd5 43. Bb5 Ke7 44. Ba6 Bc6 45. Bc4 b5 46. Bg8 Kf8 47.
Be6 Be8 48. Bd5 a5 49. Bg7+ Ke7 50. Be5 a4 51. b4 Bb6 52. Bf6+ Kf8 53. Be5 Bf7
54. Bc6 Bc4+ 55. Ke1 a3 56. Bd7 Be3 57. Kd1 Bxa2 58. Bxb5 Bb3+ 59. Ke1 Bc1 60.
Bg7+ Kf7 61. c4 Bb2 0-1

[Event "Viktor Kupreichik Memorial Rapid Open"]
[Site "Minsk"]
[Date "2018.06.23"]
[Round "11.11"]
[White "Tsigelnitskiy, Ilusha"]
[Black "Badelka, Olga"]
[Result "1/2-1/2"]
[WhiteElo "2253"]
[BlackElo "2153"]
[PlyCount "136"]
[EventDate "2018.06.21"]
[EventType "swiss"]
[EventRounds "11"]
[EventCountry "BLR"]
[WhiteTeamCountry "UKR"]
[BlackTeamCountry "BLR"]

1. e4 c5 2. Nf3 Nc6 3. d4 cxd4 4. Nxd4 Qb6 5. Nb3 Nf6 6. Nc3 e6 7. a3 a6 8. Bd3
Be7 9. O-O Qc7 10. f4 d6 11. Qf3 b5 12. e5 Nd7 13. exd6 Bxd6 14. Ne4 Be7 15. f5
exf5 16. Qxf5 Nde5 17. Qf4 O-O 18. Be3 Qb8 19. Rad1 Nxd3 20. Rxd3 Qxf4 21. Bxf4
Be6 22. Nd4 Nxd4 23. Rxd4 Rfd8 24. Rfd1 Bf5 25. Bd6 Bxd6 26. Rxd6 Rxd6 27. Nxd6
Bxc2 28. Rc1 Bg6 29. b4 Kf8 30. Rc7 Rd8 31. Rc6 Ke7 32. Nc8+ Kd7 33. Na7 Rb8
34. Rxa6 Be4 35. a4 bxa4 36. Rxa4 f5 37. b5 Kc7 38. Rd4 Kb6 39. Nc6 Bxc6 40.
bxc6 Kxc6 41. Kf2 g5 42. h4 Rb2+ 43. Kg3 Rb3+ 44. Kf2 h6 45. hxg5 hxg5 46. Rd8
Rb5 47. Rd4 Rd5 48. Ra4 Kd6 49. Ra6+ Ke5 50. Ra8 Ke4 51. Ra4+ Rd4 52. Ra8 Kf4
53. g3+ Kg4 54. Ra2 Rb4 55. Kg2 Rc4 56. Rb2 f4 57. gxf4 gxf4 58. Ra2 Rc1 59.
Ra3 Rc2+ 60. Kf1 Rh2 61. Rb3 Rh3 62. Rxh3 Kxh3 63. Kf2 Kg4 64. Kg2 f3+ 65. Kf2
Kf4 66. Kf1 Ke3 67. Ke1 f2+ 68. Kf1 Kf3 1/2-1/2

[Event "Viktor Kupreichik Memorial Rapid Open"]
[Site "Minsk"]
[Date "2018.06.23"]
[Round "11.14"]
[White "Barskij, Vladimir"]
[Black "Romanovskij, Nikita"]
[Result "1-0"]
[WhiteElo "2352"]
[BlackElo "1990"]
[PlyCount "47"]
[EventDate "2018.06.21"]
[EventType "swiss"]
[EventRounds "11"]
[EventCountry "BLR"]
[WhiteTeamCountry "UKR"]
[BlackTeamCountry "BLR"]

1. e4 e5 2. Nc3 Nf6 3. f4 d6 4. Nf3 exf4 5. d4 Be7 6. Bxf4 Bg4 7. Qd2 Nc6 8.
Bb5 a6 9. Bxc6+ bxc6 10. O-O O-O 11. Rae1 Qd7 12. h3 Bh5 13. Bg5 Ne8 14. Nh4
Bg6 15. Nxg6 hxg6 16. Bxe7 Qxe7 17. e5 dxe5 18. dxe5 Rd8 19. Qf4 c5 20. Ne4 c6
21. c3 Nc7 22. Nf6+ gxf6 23. exf6 Qd6 24. Qh6 1-0

[Event "Viktor Kupreichik Memorial Rapid Open"]
[Site "Minsk"]
[Date "2018.06.23"]
[Round "11.16"]
[White "Nomin-Erdene, Davaademberel"]
[Black "Tarasenka, Aliaksandra"]
[Result "1-0"]
[WhiteElo "2312"]
[BlackElo "1682"]
[PlyCount "169"]
[EventDate "2018.06.21"]
[EventType "swiss"]
[EventRounds "11"]
[EventCountry "BLR"]
[WhiteTeamCountry "UKR"]
[BlackTeamCountry "BLR"]

1. e4 c6 2. d4 d5 3. e5 Na6 4. f4 Nc7 5. Nf3 g6 6. Be3 h5 7. c4 Nh6 8. Nc3 Nf5
9. Bf2 Bh6 10. g3 Be6 11. b3 a5 12. Na4 Na6 13. Be2 Bc8 14. cxd5 cxd5 15. Bb5+
Kf8 16. Rc1 Nc7 17. Bd3 b5 18. Nb6 Rb8 19. Nxc8 Rxc8 20. Bxf5 gxf5 21. Nh4 e6
22. Qxh5 Kg7 23. Qf3 Na6 24. O-O Rxc1 25. Rxc1 f6 26. Qe2 Qe8 27. exf6+ Kxf6
28. Qe5+ Kf7 29. Qd6 Nb8 30. Rc7+ Kg8 31. Re7 Qc8 32. Rc7 Qe8 33. Rb7 Nc6 34.
Rb6 Nd8 35. Rb8 Kh7 36. Qc7+ Bg7 37. Nf3 Kg6 38. Qxa5 Nc6 39. Rxe8 Nxa5 40.
Rxh8 Bxh8 41. Kf1 Nc6 42. Ke2 b4 43. Kd3 Kh5 44. h3 Bf6 45. Ne1 Be7 46. Nc2 Bf8
47. Be1 Be7 48. Bd2 Bf8 49. Bc1 Na5 50. Ne1 Nc6 51. Nf3 Be7 52. Kc2 Bf8 53. Be3
Be7 54. Bf2 Bd6 55. Ng5 Nd8 56. Be1 Be7 57. Kd3 Bd6 58. Ke3 Be7 59. Kf3 Bd6 60.
g4+ fxg4+ 61. hxg4+ Kg6 62. Ke3 Be7 63. Nf3 Nc6 64. Bh4 Bd6 65. Ne1 Bf8 66. Nd3
Bd6 67. Bg3 Be7 68. Bf2 Bd6 69. Be1 Be7 70. Ne5+ Nxe5 71. dxe5 Bc5+ 72. Kd3 Be7
73. Bf2 Bf8 74. Bb6 Bh6 75. Ke3 Bf8 76. Kd4 Bh6 77. Bc5 Bxf4 78. Bxb4 Kg5 79.
a4 Kxg4 80. a5 Kf5 81. Bd6 Bh2 82. b4 Kg6 83. a6 Kf5 84. Kd3 Bg1 85. Bc5 1-0